000 00363nam a22001457a 4500
020 _a0297773275
082 _a338.709034PAR.
100 _aParkinson, C. Northcote.
245 _aThe rise of big business.
260 _aLondon.
_bWeidenfeld and Nicolson.
_c1977.
300 _axi, 276p.
_b23cm.
500 _aIncludes index.
650 _aBusiness.
942 _cBK
999 _c13442
_d13442